000 00446cam a2200181ua 4500
001 3322
008 111017n ii |||gr||||Z||||||asm
040 _cMAIN
082 _a891.4513
100 1 _aSarmah, Umakanta,
245 1 1 _aKalpana madhuri
_cby Umakanta Sarmah
250 _a1st.
260 _aGuahati:
_bDutta barua & company,968.
300 _a171p:
_c23cm.
653 _aAssamese short stories
653 _aKalpana madhuri
942 _cBK
999 _c3167
_d3167